Normal view
MARC view
Entry Personal Name
001 - CONTROL NUMBER
- control field: 87973
003 - CONTROL NUMBER IDENTIFIER
- control field: dpl
005 - DATE AND TIME OF LATEST TRANSACTION
- control field: 20260301160240.0
008 - FIXED-LENGTH DATA ELEMENTS
- fixed length control field: 260301|| aca||aabn | a|a d
040 ## - CATALOGING SOURCE
- Original cataloging agency: dpl
- Transcribing agency: dpl
100 ## - HEADING--PERSONAL NAME
- Personal name: पुष्पेंद्र सिंह चौहान
670 ## - SOURCE DATA FOUND
- Source citation: Work cat.: (dpl)215278: श्रीनाथ सिंह की श्रेष्ठ बाल कविताएँ/, 2024
